[Event "Pula Uljanik CC-ch"]
[Site "Pula"]
[Date "2013.02.28"]
[Round "9"]
[White "Cesar, Zlatko"]
[Black "Milanovic, Miroslav"]
[Result "0-1"]
[WhiteElo "1990"]
[BlackElo "1497"]
[PlyCount "75"]
[EventDate "2013.01.17"]
[EventType "swiss"]
[EventRounds "9"]
[EventCountry "CRO"]
[SourceTitle "EXT 2014"]
[Source "ChessBase"]
[SourceDate "2013.11.20"]
[SourceVersion "1"]
[SourceVersionDate "2013.11.20"]
[SourceQuality "1"]

1. d4 c6 2. c4 d5 3. e3 Nf6 4. Nc3 Bf5 5. a3 e6 6. b4 a5 7. b5 c5 8. h3 Nbd7 9. Nf3 cxd4 10. Nxd4 Bg6 11. cxd5 exd5 12. Bb2 Nb6 13. Bd3 Bxd3 14. Qxd3 Nfd7 15. 0-0 Nc5 16. Qe2 Be7 17. e4 0-0 18. Rfd1 dxe4 19. Nxe4 Qd5 20. Nxc5 Bxc5 21. Qg4 f5 22. Qg5 Na4 23. Nf3 Qf7 24. Be5 Be7 25. Qf4 Nc5 26. b6 Ne6 27. Qa4 Rfd8 28. Rd7 Rxd7 29. Qxd7 Bc5 30. Qxf7+ Kxf7 31. a4 Rd8 32. Rb1 g6 33. g3 Rd3 34. Kg2 Ra3 35. Rd1 Ke7 36. Bc7 Rxa4 37. Ne5 Ra2 38. Rd7+ 0-1